000 00659nam a2200217Ii 4500
003 JO-AjNU
008 230605s9999||||xx |||||||||||||| ||und||
017 _a1999/10/1756
020 _a9957/11/082/9
040 _aJO-AjNU
_bara
_erda
_cJO-AjNU
041 _aara
050 1 4 _aS571 2005
100 3 _aعبيدات ، محمد,
_eauthor
_933248
245 0 0 _aالتسويق الزراعي
264 3 1 _aعمان:دار وائل للنشر ، 2005
300 _a250ص
336 _atext
_btxt
_2rdacontent
337 _aunmediated
_bn
_2rdamedia
338 _avolume
_bnc
_2rdacarrier
650 4 _aالعلوم التطبيقية - التسويق
_933249
999 _aA13512
_c17080
_d17080